000 005370000a22001810004500
003 MACL
005 20160306114252.0
008 160306b xxu||||| |||| 00| 0 eng d
040 _aMACL
_cMACL
041 _aHindi
082 _a891.432
100 _aउपेन्‍द्रनाथ अश्‍क
_941697
245 _aप्रतिनिधि एकांकी
260 _bनीलाभ प्रकाशन
_c1969
_aइलाहाबाद
350 _a3
650 _aDrama
_943347
942 _cHIN
_k891.432
_2ddc
999 _c26126
_d26126